000 00357nam a2200145Ia 4500
008 240624s9999 xx 000 0 und d
041 _aeng
082 _a658.3 BHA
100 _aBHATTACHARYYA DIPAK KUMAR
245 _aHUMAN RESOURCE MANAGEMENT
250 _a(2nd ed.)
260 _c2006
_aNew Delhi
_bExcel Books
300 _a680 : p.
365 _cRS
_b35
999 _c14222
_d14222